[Event "Vivy master tournament"]

[Site "Vivy"]
[Source "Tournament booklet"]
[Date "1987.12.??"]

[Round "7"]

[White "Sinkovics, Péter"]

[Black "Bolzoni, Victor-Angel"]

[Result "1-0"]


[WhiteElo "2345"]

[WhiteTitle "IM"]
[BlackElo "2262"]

[PlyCount "83"]



1. d4 Nf6 2. Nf3 g6 3. c4 Bg7 4. Nc3 d5 5. Bf4 c5 6. dxc5 Qa5 7. e3 Ne4 8. Rc1
Nxc3 9. bxc3 dxc4 10. Bxc4 Qxc5 11. Qb3 O-O 12. Ng5 e6 13. O-O Bd7 14. Rfd1 b5
15. Bxe6 Bxe6 16. Nxe6 fxe6 17. Bd6 Qc6 18. Bxf8 Bxf8 19. Rd8 Kf7 20. Rcd1 Be7
21. R8d4 Na6 22. c4 b4 23. e4 Rf8 24. Qh3 Kg7 25. Rd7 Rf7 26. Qe3 Nc5 27. Rxa7
Qb6 28. Qd4+ Bf6 29. Rxf7+ Kxf7 30. e5 Be7 31. Rd3 Qc6 32. Rf3+ Kg7 33. Qf4 Qe8
34. h4 Na4 35. c5 Nc3 36. Qxb4 Nd5 37. Qb7 Kh6 38. c6 Qd8 39. Qd7 Qa5 40. Qxe6
Qe1+ 41. Kh2 Bxh4 42. Qxd5 1-0

[Event "Vivy master tournament"]

[Site "Vivy"]

[Date "1987.12.??"]

[Round "7"]

[White "Apicella, Manuel"]

[Black "Portisch, Ferenc"]

[Result "0-1"]


[WhiteElo "2295"]

[BlackElo "2445"]

[BlackTitle "IM"]
[PlyCount "86"]



1. e4 e6 2. d4 d5 3. Nc3 Bb4 4. e5 Ne7 5. Nf3 c5 6. a3 Bxc3+ 7. bxc3 Qa5 8. Qd2
b6 9. Bd3 Ba6 10. dxc5 bxc5 11. O-O Nd7 12. Rb1 O-O 13. Qg5 Bxd3 14. cxd3 Ng6
15. h4 h6 16. Qg3 Qxc3 17. Rb7 Rad8 18. d4 cxd4 19. Bb2 Qa5 20. Nxd4 Qa6 21.
Rc7 Qb6 22. Qc3 Nf4 23. Re1 Nd3 24. Re2 N7xe5 25. Kh1 Nxb2 26. Rxb2 Qd6 27. Re2
Ng4 28. g3 e5 29. Nf5 Qf6 30. Qf3 h5 31. Ne7+ Kh7 32. Qxf6 gxf6 33. Rxa7 d4 34.
Kg2 Ra8 35. Rxa8 Rxa8 36. Ra2 Ra7 37. Nd5 Ra5 38. Nb4 e4 39. a4 d3 40. f3 Ne3+
41. Kf2 Nd1+ 42. Ke1 Nc3 43. Ra3 d2+ 0-1

[Event "Vivy master tournament"]

[Site "Vivy"]

[Date "1987.12.??"]

[Round "7"]

[White "Hergott, Deen"]

[Black "Geenen, Marc"]

[Result "1/2-1/2"]


[WhiteElo "2305"]

[BlackElo "2295"]

[PlyCount "81"]



1. c4 e5 2. g3 Nf6 3. Bg2 d5 4. cxd5 Nxd5 5. Nc3 Nb6 6. d3 Be7 7. Be3 O-O 8.
Rc1 Nc6 9. Bxc6 bxc6 10. Nf3 Bd6 11. d4 Nc4 12. dxe5 Nxe5 13. Nxe5 Bxe5 14.
Qxd8 Rxd8 15. O-O Be6 16. b3 Bxc3 17. Rxc3 a5 18. Bf4 a4 19. bxa4 Rxa4 20. a3
Rda8 21. Ra1 R8a7 22. f3 h6 23. Be3 R7a6 24. Bc5 Ra8 25. Rd1 Rc4 26. Rxc4 Bxc4
27. Kf2 Be6 28. Bb4 f6 29. e4 Kf7 30. f4 f5 31. Rc1 fxe4 32. Rxc6 Ra7 33. Rc5
g6 34. Ke3 Bf5 35. Ba5 Ke7 36. Rxc7+ Rxc7 37. Bxc7 Kd7 38. Be5 h5 39. Kd4 Kc6
40. Bf6 Kb5 41. Be7 1/2-1/2

[Event "Vivy master tournament"]

[Site "Vivy"]

[Date "1987.12.??"]
[Round "8"]

[White "Pirisi, Gábor"]

[Black "Apicella, Manuel"]

[Result "1/2-1/2"]


[WhiteElo "2365"]

[WhiteTitle "IM"]
[BlackElo "2295"]

[PlyCount "39"]



1. d4 Nf6 2. c4 c5 3. d5 b5 4. a4 b4 5. Qc2 g6 6. g3 d6 7. Bg2 Bg7 8. e4 O-O 9.
Ne2 Nbd7 10. Ra2 Rb8 11. b3 e6 12. dxe6 fxe6 13. O-O Bb7 14. Nf4 Qe7 15. Nd2
Ng4 16. Nf3 Nde5 17. Nxe5 Nxe5 18. Bb2 Rbd8 19. Qe2 Qf7 20. Raa1 1/2-1/2

[Event "Vivy master tournament"]

[Site "Vivy"]

[Date "1987.12.??"]

[Round "8"]

[White "Bolzoni, Victor-Angel"]

[Black "Lautier, Joël"]

[Result "1/2-1/2"]


[WhiteElo "2262"]

[BlackElo "2290"]

[BlackTitle "FM"]
[PlyCount "44"]



1. e4 c5 2. c3 e6 3. Nf3 d5 4. exd5 exd5 5. d4 c4 6. Bf4 Bd6 7. Bxd6 Qxd6 8.
Be2 Ne7 9. O-O O-O 10. Re1 Nbc6 11. b3 cxb3 12. axb3 Bf5 13. Bd3 Rfe8 14. Ra2
Qd7 15. Rae2 Bg4 16. Nbd2 Ng6 17. Rxe8+ Rxe8 18. Rxe8+ Qxe8 19. h3 Bxf3 20.
Nxf3 Nf4 21. Bf1 Qe6 22. Qd2 Qe4 1/2-1/2

[Event "Vivy master tournament"]

[Site "Vivy"]

[Date "1987.12.??"]

[Round "8"]

[White "Boutquin, Pierre"]

[Black "Hergott, Deen"]

[Result "1-0"]

[WhiteElo "2175"]

[BlackElo "2305"]

[PlyCount "91"]



1. d4 d5 2. c4 e6 3. Nc3 c6 4. e4 Bb4 5. exd5 exd5 6. Nf3 Nf6 7. cxd5 Nxd5 8.
Bd2 O-O 9. Be2 Bf5 10. O-O a5 11. Bg5 f6 12. Bd2 Kh8 13. Re1 Na6 14. Nh4 Bc8
15. Bd3 f5 16. Qh5 Nf6 17. Ng6+ Kg8 18. Bc4+ Nd5 19. Nxf8 Bxf8 20. Re8 Qd6 21.
Rae1 Nac7 22. R1e7 Qxe7 23. Rxe7 Bxe7 24. Bf4 Be6 25. Bxc7 Nxc7 26. Bxe6+ Nxe6
27. Qxf5 Nxd4 28. Qd7 Bf6 29. Ne4 Ne2+ 30. Kf1 Nf4 31. Nxf6+ gxf6 32. Qg4+ Ng6
33. Qe6+ Kg7 34. Qd7+ Kh6 35. Qxb7 Rd8 36. Qxc6 Rd1+ 37. Ke2 Ra1 38. a3 Kg7 39.
Qc7+ Kh6 40. Qxa5 Nf4+ 41. Kf3 Ne6 42. g4 Rg1 43. Qb6 Ng5+ 44. Ke2 Rxg4 45.
Qxf6+ Kh5 46. f4 1-0

[Event "Vivy master tournament"]

[Site "Vivy"]

[Date "1987.12.??"]

[Round "8"]

[White "Geenen, Marc"]

[Black "Sinkovics, Péter"]

[Result "1/2-1/2"]


[WhiteElo "2295"]

[BlackElo "2345"]

[BlackTitle "IM"]
[PlyCount "53"]



1. e4 e6 2. d4 d5 3. Nd2 c5 4. exd5 exd5 5. Bb5+ Nc6 6. Ne2 Bd6 7. dxc5 Bxc5 8.
Nb3 Bd6 9. Bf4 Nge7 10. O-O O-O 11. Qd2 Bf5 12. Bxd6 Qxd6 13. Ned4 Bg6 14. Bxc6
Nxc6 15. Nxc6 bxc6 16. c4 Rfe8 17. Rfe1 Kf8 18. c5 Qd7 19. Nd4 f6 20. b4 Rxe1+
21. Rxe1 Re8 22. a4 a6 23. Rxe8+ Bxe8 24. f3 Qe7 25. Kf2 Qe5 26. g3 Bd7 27. Qe3
1/2-1/2

[Event "Vivy master tournament"]

[Site "Vivy"]
[Source "Tournament booklet"]
[Date "1987.12.??"]

[Round "9"]

[White "Sinkovics, Péter"]

[Black "Boutquin, Pierre"]

[Result "1-0"]


[WhiteElo "2345"]

[WhiteTitle "IM"]
[BlackElo "2175"]

[PlyCount "45"]



1. d4 Nf6 2. Nf3 g6 3. c4 Bg7 4. Nc3 d5 5. Bf4 c5 6. dxc5 Qa5 7. cxd5 Nxd5 8.
Qxd5 Bxc3+ 9. Bd2 Be6 10. Qxb7 Bxd2+ 11. Nxd2 O-O 12. e4 Nd7 13. b4 Nxc5 14.
bxa5 Nxb7 15. Nb3 Bxb3 16. axb3 Nc5 17. b4 Nxe4 18. Bd3 Nd6 19. Kd2 Rab8 20.
Rab1 Rfd8 21. Rhc1 Ne4+ 22. Ke3 Nxf2 23. Be2 1-0

[Event "Vivy master tournament"]

[Site "Vivy"]

[Date "1987.12.??"]

[Round "9"]

[White "Apicella, Manuel"]

[Black "Bolzoni, Victor-Angel"]

[Result "1-0"]

[WhiteElo "2295"]

[BlackElo "2262"]

[PlyCount "45"]



1. e4 c5 2. Nf3 d6 3. d4 cxd4 4. Nxd4 Nf6 5. Nc3 e6 6. Be2 Be7 7. O-O Nc6 8.
Kh1 Qc7 9. f4 a6 10. Bf3 Na5 11. e5 dxe5 12. fxe5 Nd7 13. Bf4 Nc4 14. Nd5 exd5
15. e6 Nde5 16. Bxd5 Qd8 17. exf7+ Kf8 18. Bxb7 Ra7 19. Bxc8 Qxc8 20. b3 Bf6
21. bxc4 Qxc4 22. Bxe5 Bxe5 23. Nc6 1-0

[Event "Vivy master tournament"]

[Site "Vivy"]
[Source "Tournament booklet"]
[Date "1987.12.??"]

[Round "9"]

[White "Portisch, Ferenc"]

[Black "Pirisi, Gábor"]

[Result "1/2-1/2"]


[WhiteElo "2445"]

[WhiteTitle "IM"]
[BlackElo "2365"]

[WhiteTitle "IM"]
[PlyCount "27"]



1. d4 Nf6 2. c4 e6 3. Nc3 Bb4 4. e3 c5 5. Bd3 O-O 6. Nf3 d5 7. O-O cxd4 8. exd4
dxc4 9. Bxc4 Nbd7 10. Qe2 Nb6 11. Bd3 Nbd5 12. Ne4 Be7 13. Rd1 b6 14. Nfg5
1/2-1/2